| 000 | 00681nam a22001337a 4500 | ||
|---|---|---|---|
| 040 | _cRUA | ||
| 082 | _aVEM SRE 2015 B517 Or.1 | ||
| 100 | _aSREN VUTHA; ស្រេន វុធថា | ||
| 245 | _aEpidemiological survey on foot and mouth disease of calttle in tropaeng prey commune, anlong veng district, oddor meanchey province, ការអង្កេតលើជំងឺអុតក្តាមគោនៅក្នុងឃុំត្រពាំងប្រីយ៍ស្រុកអន្លង់វែង ខេត្តឧត្តរមានជ័យ | ||
| 260 |
_aRUA _bSRE _c2015 |
||
| 300 |
_aviii,30p. _bill. _c29cm. |
||
| 856 | _u SREN VUTHA | ||
| 942 | _cVEM | ||
| 999 |
_c10557 _d10557 |
||